000 00499nam a2200193Ia 4500
008 170918s9999 xx 000 0 und d
020 _a9780439350754
050 _bD633 2002
100 _aDobeck, Maryann Dobeck
245 _aThree fables /
245 _cretold by Maryann Dobeck ; illustrated by Diane Dawson Hearn.
260 _aNew York :
260 _bScholastic,
260 _c2002
300 _a16 pages :
300 _bcolored illustration ;
300 _c20cm.
500 _a150
999 _c343105
_d343105